000 00714cam a22001935a 4500
001 L156504
008 120530e20122511xxk 000 0 eng d
035 _a(Sirsi) u156504
041 0 _aeng
100 1 _aFordham, Peter
245 0 0 _aCost update
_bQ1 2012
260 _c2012
490 _aBuilding
_v277(8729) 25 May 2012, 46-48(3)
520 _aQuarterly analysis of construction costs and prices based on Davis Langdon's indices, looks at key changes; price adjustment formulae for construction contracts; materials, executive summary, key indicators; labour market statistics and wage agreements.
590 _aKA
651 4 _aUnited Kingdom
_y
690 _aConstruction management
_96230
942 _n0
999 _c84042
_d84042